00779 a2200193 4500010001400000020002300014035001300037037001600050082001200066090001500078100002400093245010300117260004300220270011600263300002700379942002700406999001500433952013700448 aENG-88952 a8172112270c550.00 aEN-72485 bDBAD / PUB14a338.954 c9694d96941 aRamachandran, K. S.00aEconomic environment of India :cby K. S. Ramachandranblessons from the past and for the future/ aNew DelhibNorthern Book Centrec2007 a4221/1, Ansari Road, DaryaganjbNew Delhie110 002k011-23264519, 011-23271626l011-23252651mnbcnd@ndb.vsnl.in ax, 470 p.c25cm (Hb.) adplcENk338.954 / RAM c9517d9517 00102ddc40718NFICaDBADbDBADeDBAD/PUBg550.00l0o338.954 RAMpEN-72485r2008-09-15 00:00:00t1u10503v550.00w2008-09-15yEN